|
|
|
|
| LEADER |
00848nam a2200265 4500 |
| 001 |
DLU180187689 |
| 005 |
##20181009 |
| 040 |
# |
# |
|a DLU
|b vie
|
| 041 |
# |
# |
|a vie
|
| 044 |
# |
# |
|a vn
|
| 100 |
# |
# |
|a Phạm Thị Hà Châu.
|
| 245 |
# |
# |
|a Tư liệu về Hải Quận công - Tiến sĩ Phạm Đình Trọng trong gia phả /
|c Phạm Thị Hà Châu, Nguyễn Đức Toàn.
|
| 653 |
# |
# |
|a Gia phả
|
| 653 |
# |
# |
|a Nhân vật lịch sử
|
| 653 |
# |
# |
|a Phạm Đình Trọng, 1714-1754
|
| 700 |
# |
# |
|a Nguyễn Đức Toàn.
|
| 773 |
# |
# |
|t Tạp chí Hán Nôm
|g Số 1(128), 2015, tr. 63-74
|
| 920 |
# |
# |
|a Phòng Tạp chí -- Trung tâm Thông tin - Thư viện Trường Đại học Đà Lạt
|
| 900 |
# |
# |
|a True
|
| 911 |
# |
# |
|a Hoàng Thị Huyền
|
| 925 |
# |
# |
|a G
|
| 926 |
# |
# |
|a A
|
| 927 |
# |
# |
|a BB
|
| 980 |
# |
# |
|a Thư viện Trường Đại học Đà Lạt
|